By the Numbers #22 - Statistics

General Stats
  • This quiz has been taken 72 times
  • The average score is 12 of 20
Answer Stats
Hint Explanation Answer % Correct
Year of the Norman Conquest 1066
92%
1,000 * 0.5 500
92%
Route number of the U.S. highway that stretched from Chicago to Santa Monica from 1926 until 1985 66
92%
DCCLXXXIX 789
92%
√10,000 100
87%
Minimum age for a presidential candidate in the US 35
87%
Number of U.S. states whose name begins with “D” Delaware. 1
77%
Number of U.S. state capitals whose name begins with “E” 0
72%
Hauser Street address of the Bunker family on All in the Family 704
56%
Number of Sicilies in the name of a kingdom in southern Italy (1816-1861) 2
51%
Waist measurement (in inches) of what was once considered the “perfect” hourglass figure 24
51%
Number of little birds in the title of Bob Marley and the Wailers’ 1980 single 3
51%
Number of fists in the title of Disturbed’s 2005 album 10,000
38%
Number on the purple-striped pool ball in a traditional set 12
38%
In the French Republican calendar (used 1793-1805), the number of days in a week 10
33%
Number of letters in the Hebrew alphabet 22
33%
Number of sides a hendecagon has 11
31%
Number of the nervous breakdown in the title of the Rolling Stones’ 1966 single 19
31%
Number of countries (including the two Congos) whose English language JetPunk name begins with “C” Cambodia, Cameroon, Canada, Cape Verde, Central African Republic, Chad, Chile, China, Colombia, Comoros, the two Congos, Costa Rica, Croatia, Cuba, Cyprus, Czech Republic. 17
28%
Number of countries whose de jure executive capital’s name begins with “C” (excluding Comayagüela) Cairo, Canberra, Caracas, Castries, Chișinău, Colombo, Conakry, Copenhagen. Cape Town is a legislative capital, not an executive one. Cotonou is the de facto capital of Benin, but not the legal one. 8
26%
No matching quizzes found
Score Distribution
Percent of People with Each Score
Percentile by Number Answered
Your Score History
You have not taken this quiz